| 000 | 01006cam a22002535a 4500 | ||
|---|---|---|---|
| 001 | 4416270 | ||
| 005 | 20201128024246.0 | ||
| 008 | 930831s2006 enk frb f001 0 eng d | ||
| 020 | _a0521466393 | ||
| 020 | _a9780521466394 | ||
| 040 |
_aDLC _cDLC _dDLC _dEG-ScBUE _beng |
||
| 082 | 0 | 4 |
_222 _a320.3 _bHUM |
| 100 | 1 |
_aHume, David, _d1711-1776. _940686 |
|
| 240 | 1 | 0 |
_aEssays, moral, political, and literary. _kSelections |
| 245 | 1 | 0 |
_aPolitical essays / _cDavid Hume ; edited by Knud Haakonssen. |
| 260 |
_aCambridge ; _aNew York : _bCambridge University Press, _c2006. |
||
| 300 |
_alxvi, 346 p. ; _c23 cm. |
||
| 504 | _aIncludes bibliographical references and index. | ||
| 650 | 7 |
_aPolitical science _vEarly works to 1800. _2BUEsh _91263 |
|
| 653 |
_bGGEN _bBUSBOL _cFebruary2018 |
||
| 700 | 1 |
_aHaakonssen, Knud, _d1947- _eeditor. |
|
| 856 | 4 | 2 |
_3Publisher description _uhttp://www.loc.gov/catdir/description/cam025/93036183.html |
| 856 | 4 | 1 |
_3Table of contents _uhttp://www.loc.gov/catdir/toc/cam022/93036183.html |
| 999 |
_c26208 _d26180 |
||